LIBRARY & INFORMATION CENTRE, KCAET, TAVANUR

ONLINE PUBLIC ACCESS CATALOGUE (OPAC)

Arctic noneen / (Record no. 2929)

MARC details
000 -LEADER
fixed length control field 00372cam a2200157ua 4500
041 ## - LANGUAGE CODE
Language code of text/sound track or separate title eng
082 ## - DEWEY DECIMAL CLASSIFICATION NUMBER
Classification number 823.301
Item number SCR/AR
100 ## - MAIN ENTRY--AUTHOR NAME
Personal name Scriven, R C .
245 ## - TITLE STATEMENT
Title Arctic noneen /
250 ## - EDITION STATEMENT
Edition statement 1 /
260 ## - PUBLICATION, DISTRIBUTION, ETC. (IMPRINT)
Place of publication Leeds :
Name of publisher E J Arnold Son Ltd ,
Year of publication 1957.
300 ## - PHYSICAL DESCRIPTION
Number of Pages 96 ; .
942 ## - ADDED ENTRY ELEMENTS (KOHA)
Koha item type Books
Holdings
Withdrawn status Lost status Damaged status Home library Current library Date acquired Full call number Accession Number Koha item type
Withdrawn     KAUAET Sanskrit University 07/04/2012 823.301 10938 Books
free website counter